| 000 | 00658nam a2200193Ia 4500 | ||
|---|---|---|---|
| 003 | GCL | ||
| 008 | 140319s9999 xx 000 0 ara d | ||
| 040 |
_aGCL / _cGCL |
||
| 082 | 0 | 4 |
_aق _b923.2 _bج ذ |
| 245 | 1 | 0 | _aذكرى البطل الفاتح ابراهيم باشا 1848 - 1948 |
| 260 |
_aالقاهرة : _bمكتبة مدبولى ، _c1998 |
||
| 300 |
_a405 ص: _bايض، خرائط ؛ _c23 سم |
||
| 490 |
_aصفحات من تاريخ مصر _v7 |
||
| 650 | 0 | 4 | _aالتراجم |
| 650 | 0 | 4 | _aابراهيم باشا |
| 650 | 0 | 4 | _aمصر - تراجم |
| 650 | 0 | 4 | _aمصر - تاريخ - العصر الحديث (1805 - 1956 ) |
| 942 |
_2ddc _cBK |
||
| 999 |
_c49860 _d49860 |
||